| 000 | 01299nam a22002897a 4500 | ||
|---|---|---|---|
| 999 |
_c348440 _d348440 |
||
| 003 | BLK | ||
| 005 | 20250606093746.0 | ||
| 008 | 200205b bu ||||| |||| 00| 0 bu d | ||
| 020 | _a9786191643141 | ||
| 040 | _aBLK | ||
| 041 |
_aBUL _cBUL |
||
| 080 |
_aБългарска литература _b821.163.2 _x-31 _z821.163.2-31 |
||
| 100 |
_aФилипова, Людмила Орлинова _d1977- _gПисател. Икономист. Магистър по астрономия. Журналист _9277447 |
||
| 139 |
_aФилипова, Людмила Орлинова _bФ 50 |
||
| 245 |
_aКонтактът. Отговорът _cРед. Иван Генов ; науч. ред. Десислава Антонова |
||
| 260 |
_9215899 _aСофия _bEnthusiast _c2019 _fРопринт |
||
| 300 |
_a264 с. , 158 с. _c22 см |
||
| 380 | _aX | ||
| 500 | _aВтората кн. е отпеч. на обратната страна със самостоятелна загл. с. и паг. | ||
| 700 |
_91311 _aГенов, Иван _eред. |
||
| 700 |
_9385538 _aАнтонова, Десислава _eнауч. ред. |
||
| 852 | _aЦб 299798 | ||
| 942 |
_cKNG _n0 _s1 _067 |
||
| 944 |
_aCR _c2020-02-05 _k30542 _lРусанова Ирена |
||
| 999 | _d348440 | ||
| 999 | _d348440 | ||